Central Library OPAC University of Rajshahi

Methods of hydrological forecasting for the utilization of water resources : (Record no. 72301)

MARC details
000 -LEADER
fixed length control field 01444nam a2200301 a 4500
001 - CONTROL NUMBER
control field 72301
003 - CONTROL NUMBER IDENTIFIER
rucl marc code BD-RjUL
005 - DATE AND TIME OF LATEST TRANSACTION
control field 20211209082238.0
008 - FIXED-LENGTH DATA ELEMENTS--GENERAL INFORMATION
fixed length control field 170516s1964 nyua b 100 0 eng d
035 ## - SYSTEM CONTROL NUMBER
System control number (BD-RjUL)72518
040 ## - CATALOGING SOURCE
Original cataloging agency YNG
Transcribing agency YNG
Modifying agency OCL
-- BD-RjUL
Language of cataloging eng
041 ## - LANGUAGE CODE
Language code of text/sound track or separate title eng
082 ## - DEWEY DECIMAL CLASSIFICATION NUMBER
Edition number 23
Classification number 551.48
Author mark and year UNM 1964
110 ## - MAIN ENTRY--CORPORATE NAME
Corporate name or jurisdiction name as entry element United Nations, Economic Commission for Asia and the Far East
9 (RLIN) 213804
111 2# - MAIN ENTRY--MEETING NAME
Meeting name or jurisdiction name as entry element Inter-Regional Seminar on Methods of Hydrological Forecasting for the Utilization of Water Resources
Date of meeting (1964 :
Location of meeting Bangkok, Thailand)
9 (RLIN) 213805
245 10 - TITLE STATEMENT
Title Methods of hydrological forecasting for the utilization of water resources :
Remainder of title (Transactions of the Inter-regional Seminar on Methods of Hydrological Forecasting for the Utilization of Water Resources, held at Bangkok, Thailand, from 4-17 August, 1964)
260 ## - PUBLICATION, DISTRIBUTION, ETC. (IMPRINT)
Place of publication, distribution, etc. Hong Kong :
Name of publisher, distributor, etc. United Nations,
Date of publication, distribution, etc. 1964.
300 ## - PHYSICAL DESCRIPTION
Pagination ix, 167 p. :
Illustrations ill. ;
Size 28 cm.
490 1# - SERIES STATEMENT
Series statement Water Resources series,
Volume/sequential designation no. 27
500 ## - GENERAL NOTE
General note Convened by the Economic Commission for Asia and the Far East and the World Meteorological Organization.
650 #0 - SUBJECT ADDED ENTRY--TOPICAL TERM
Topical term or geographic name as entry element Hydrology
9 (RLIN) 213798
Topical term or geographic name as entry element Hydrological forecasting
9 (RLIN) 213799
Topical term or geographic name as entry element Water resources development.
9 (RLIN) 213800
710 2# - ADDED ENTRY--CORPORATE NAME
Corporate name or jurisdiction name as entry element United Nations.
Subordinate unit Economic Commission for Asia and the Far East.
9 (RLIN) 213801
Corporate name or jurisdiction name as entry element World Meteorological Organization.
9 (RLIN) 213802
830 #0 - SERIES ADDED ENTRY--UNIFORM TITLE
Uniform title Water resources series,
Volume number/sequential designation no. 27
942 ## - ADDED ENTRY ELEMENTS (KOHA)
Source of classification or shelving scheme Dewey Decimal Classification
Koha item type Books
Holdings
Lost status Source of classification or shelving scheme Damaged status Not for loan Collection code Permanent Location Current Location Shelving location Date acquired Source of acquisition Cost, normal purchase price Total Checkouts Full call number Date last seen Copy number Koha item type
  Dewey Decimal Classification   Not For Loan Non-fiction Central Library, University of Rajshahi Central Library, University of Rajshahi Reading Room 04/06/1970 Zeitlinger 0.00   551.48 UNM 1964 16/05/2017 C-1 Books
  Dewey Decimal Classification     Non-fiction Central Library, University of Rajshahi Central Library, University of Rajshahi   19/09/1970 Zeitlinger     551.48 UNM 1964 19/02/2019 C-2 Books